U.S. States Starting with the letter N - Statistics

General Stats
  • This quiz has been taken 20 times
  • The average score is 8 of 8
Answer Stats
Answer % Correct
Nebraska
100%
New Mexico
100%
North Carolina
100%
North Dakota
100%
Nevada
95%
New Hampshire
95%
New York
89%
New Jersey
84%
No matching quizzes found
Score Distribution
Percent of People with Each Score
Percentile by Number Answered
Your Score History
You have not taken this quiz